| 000 | 00476nam a22001817a 4500 | ||
|---|---|---|---|
| 003 | OSt | ||
| 005 | 20140310181943.0 | ||
| 008 | 130724t xxu||||| |||| 00| 0 eng d | ||
| 020 | _a0812530357 | ||
| 050 |
_aPS 1320 _b.T969 1993 |
||
| 082 |
_aCLA T91t _b1993 |
||
| 100 |
_aTwain, Mark _93693 |
||
| 245 |
_aTom Sawyer, detective _cMark, Twain. |
||
| 260 |
_aNew York : _bA Tom Doherty Associates Book _cc1993. |
||
| 541 | _j1 | ||
| 562 | _e1 | ||
| 942 |
_2lcc _cBBK _kCLA |
||
| 999 |
_c7714 _d7714 |
||